|
|
|
|
| LEADER |
00000cam a2200000 a 4500 |
| 001 |
UCC0618 |
| 003 |
CL-VaPUC |
| 008 |
170825e20050000mx |||||||||||||||||spa|d |
| 020 |
|
|
|a 9789682470769
|
| 082 |
0 |
4 |
|a 748.5
|b SAS
|2 21
|
| 100 |
0 |
|
|a Sastrús, Vicente M
|e author
|9 594593
|
| 245 |
1 |
0 |
|a Manual técnico del vitral: técnica de cinta de cobre -copper foil-
|
| 250 |
|
|
|a 1a. ed
|
| 300 |
|
|
|a 80 p
|
| 942 |
|
|
|c BK
|
| 945 |
|
|
|d 20170825 13:52:00
|a dcastane
|
| 260 |
|
|
|a Cuernavaca
|b Trillas
|c 2005
|
| 650 |
|
0 |
|a Vitrales
|9 372641
|
| 583 |
|
|
|a last modification
|c 20170825 13:52:00
|k Rodrigo Vera
|
| 999 |
|
|
|c 369392
|d 369390
|
| 952 |
|
|
|0 0
|1 0
|3 erb
|4 0
|6 748_500000000000000_SAS_2005
|7 0
|8 A
|9 485158
|a BIBARQ
|b BIBARQ
|i 5418224
|l 3
|m 7
|o 748.5 SAS 2005
|p 5418224
|r 2025-01-20
|s 2023-11-02
|w 2019-11-24
|y BK
|z Catalogado en:20170825
|k ARQ
|